[Event "TCh-CHN 2017"]
[Site "China CHN"]
[Date "2017.05.24"]
[Round "6.2"]
[Board "3"]
[White "Liu, Qingnan"]
[Black "Cheparinov, Ivan"]
[Result "0-1"]
[WhiteTitle "GM"]
[BlackTitle "GM"]
[WhiteElo "2522"]
[BlackElo "2710"]
[WhiteTeam "Shenzhen"]
[BlackTeam "Tianjin"]
[WhiteFideId "8603294"]
[BlackFideId "2905540"]
[EventDate "2017.04.18"]

1. e4 g6 2. d4 Bg7 3. Nc3 a6 4. f4 d6 5. Nf3 b5 6. Bd3 Nd7 7. e5 c5 8. Be4 Rb8
9. Ng5 Nh6 10. e6 Nf6 11. exf7+ Nxf7 12. Bc6+ Kf8 13. dxc5 dxc5 14. Be3 Qc7 15.
Bf3 Nd6 16. Nd5 Nxd5 17. Qxd5 h6 18. Ne6+ Bxe6 19. Qxe6 Bxb2 20. Rd1 Kg7 21. Rd5
Bf6 22. Rxc5 Qa5+ 23. Kf2 Nf5 24. Rxf5 gxf5 25. Qxf5 h5 26. Bxh5 Qxa2 27. Rd1
Rxh5 28. Qxh5 Qxc2+ 29. Rd2 Qh7 30. Qg4+ Kf7 31. Ra2 b4 32. Rxa6 b3 33. Rxf6+
Kxf6 34. Qg5+ Kf7 35. Qd5+ Kf8 36. Qe5 Qc2+ 37. Kf3 b2 38. Qxb8+ Kf7 39. Qe5
Qc6+ 0-1

[Event "TCh-CHN 2017"]
[Site "China CHN"]
[Date "2017.05.24"]
[Round "6.2"]
[Board "5"]
[White "Xiao, Yiyi"]
[Black "Liu, Shilan"]
[Result "1-0"]
[WhiteTitle "WFM"]
[BlackTitle "WGM"]
[WhiteElo "2311"]
[BlackElo "2083"]
[WhiteTeam "Tianjin"]
[BlackTeam "Shenzhen"]
[WhiteFideId "8606161"]
[BlackFideId "8600279"]
[EventDate "2017.04.18"]

1. Nf3 Nf6 2. g3 c5 3. Bg2 d5 4. c4 Nc6 5. cxd5 Nxd5 6. O-O e6 7. d4 Be7 8. Nc3
cxd4 9. Nxd5 exd5 10. Nxd4 O-O 11. Be3 Bf6 12. Rc1 Bxd4 13. Bxd4 Be6 14. e3 Qd7
15. Bc3 Rfd8 16. Qh5 f6 17. Rfd1 Qf7 18. Qxf7+ Kxf7 19. a3 Rd7 20. b4 a6 21. Bf3
Rc8 22. Bb2 Ne7 23. Bd4 Rxc1 24. Rxc1 Nc6 25. Bc5 Ne5 26. Be2 Nc4 27. a4 Bf5 28.
Kg2 Nb2 29. g4 Be4+ 30. f3 Bd3 31. Bxd3 Nxd3 32. Rc3 Nb2 33. Ra3 Nc4 34. Ra1 g6
35. Kg3 Ke6 36. h4 h5 37. a5 f5 38. gxh5 gxh5 39. Bd4 Ne5 40. Kf4 Nd3+ 41. Kg5
f4 42. Ra3 Nxb4 43. exf4 Nc2 44. f5+ Kd6 45. Rd3 Nxd4 46. Rxd4 Ke5 47. Rd1 Rg7+
48. Kxh5 Rg3 49. Rd3 Kxf5 50. Rxd5+ Kf6 51. Rd6+ Kf5 52. Rd7 Ke5 53. Rxb7 Rxf3
54. Rb6 Ra3 55. Rxa6 Kf5 56. Kh6 1-0

[Event "TCh-CHN 2017"]
[Site "China CHN"]
[Date "2017.05.24"]
[Round "6.3"]
[Board "1"]
[White "Zeng, Chongsheng"]
[Black "Gordievsky, Dmitry"]
[Result "1/2-1/2"]
[WhiteTitle "GM"]
[BlackTitle "GM"]
[WhiteElo "2547"]
[BlackElo "2610"]
[WhiteTeam "Chongqing"]
[BlackTeam "Zhejiang"]
[WhiteFideId "8603847"]
[BlackFideId "24112798"]
[EventDate "2017.04.18"]

1. e4 c5 2. Nc3 Nc6 3. Nf3 e5 4. Bc4 Be7 5. d3 d6 6. Nd2 Nf6 7. Nf1 Bg4 8. f3
Be6 9. Ne3 O-O 10. O-O Rb8 11. a4 Nb4 12. Ncd5 Nbxd5 13. Nxd5 Bxd5 14. Bxd5 Nxd5
15. exd5 Bg5 16. a5 Bxc1 17. Qxc1 Qh4 18. c3 Rbe8 19. Qe3 f5 20. b4 cxb4 21. Ra4
Qd8 22. Rxb4 Qxa5 23. Rxb7 Rf7 24. Rxf7 Kxf7 25. c4 Qc7 26. Rb1 f4 27. Qe4 g6
28. g3 fxg3 29. hxg3 a5 30. f4 exf4 31. Qxf4+ Kg8 32. Rf1 Qe7 33. Qf6 a4 34.
Qxe7 Rxe7 35. Ra1 Ra7 36. Ra3 h5 37. Kf2 Kf7 38. Ke3 Kf6 39. Ke4 Kg5 40. c5 dxc5
41. d6 Kf6 42. Kd5 g5 43. Kxc5 Ke6 44. d4 Kd7 45. Rf3 Ra5+ 46. Kb4 Rd5 47. Kc4
Rxd6 48. Rf7+ Ke6 49. Ra7 Rc6+ 50. Kd3 Kf5 51. Rxa4 Rd6 52. Ra3 1/2-1/2

[Event "TCh-CHN 2017"]
[Site "China CHN"]
[Date "2017.05.24"]
[Round "6.3"]
[Board "2"]
[White "Zhou, Weiqi"]
[Black "Xu, Minghui"]
[Result "1-0"]
[WhiteTitle "GM"]
[WhiteElo "2613"]
[BlackElo "2316"]
[WhiteTeam "Chongqing"]
[BlackTeam "Zhejiang"]
[WhiteFideId "8601674"]
[BlackFideId "8606790"]
[EventDate "2017.04.18"]

1. d4 d5 2. c4 c6 3. Nf3 Nf6 4. Nbd2 g6 5. g3 Bg7 6. Bg2 O-O 7. O-O Bf5 8. b3
Ne4 9. Bb2 Nd7 10. Nh4 Nxd2 11. Qxd2 Be6 12. cxd5 cxd5 13. Qb4 a5 14. Qxb7 a4
15. Qb5 axb3 16. Qxb3 Rb8 17. Qa3 Nb6 18. Qd3 Na4 19. Ba3 Nb2 20. Qc3 Nc4 21. e3
Qd7 22. Bb4 Rfc8 23. a3 Bh3 24. Nf3 e5 25. dxe5 Bxg2 26. Kxg2 Qf5 27. Qb3 Qe4
28. Rad1 Bxe5 29. Qd3 Rb5 30. Qxe4 dxe4 31. Nd2 Nb2 32. Rc1 Rcb8 33. Nxe4 Nd3
34. Rb1 f5 35. Nd2 Nxb4 36. axb4 Rxb4 37. Rxb4 Rxb4 38. Rb1 Rxb1 39. Nxb1 Kf7
40. Nd2 Bf6 41. Kf3 h5 42. h4 Ke6 43. Ke2 Be7 44. Nf3 Bf6 45. Kd3 Kf7 46. Kc4
Kg7 47. Kd5 Bc3 48. Ne5 Kf6 49. Nd3 Bd2 50. Kd4 Ba5 51. Nf4 Be1 52. Nh3 Bb4 53.
Kd3 Bc5 54. Nf4 Bd6 55. Kd4 Be5+ 56. Kc4 Bd6 57. Nd3 Bc7 58. Kd5 Ba5 59. f3 Bc7
60. Nf4 Bb8 61. Ne2 Ba7 62. Nd4 Bb8 63. f4 Bc7 64. e4 fxe4 65. Kxe4 Bb6 66. Nc2
Bf2 67. Kf3 Bc5 68. Ne3 Ke6 69. Nc4 Kf6 70. Ne5 Bd4 71. Nd3 Bb6 72. Ke4 Ba7 73.
f5 gxf5+ 74. Kd5 Kg6 75. Ke6 Kh6 76. Kxf5 Bb6 77. Ne5 Bf2 78. Kf4 Be1 79. Nf3
Bb4 80. Ke5 Kg6 81. Ke6 Bc5 82. Ne5+ Kh6 83. Kf6 Bd4 84. Kf5 Bf2 85. Kf4 Be1 86.
Nf3 Bf2 87. Ng5 Kg6 88. Kf3 Bb6 89. Ne6 Kh6 90. Nf8 Bc5 91. Ne6 Bb6 92. Nf4 Bc5
93. Ke4 Bf2 94. Ne2 Kg6 95. Ke5 Be1 96. Ke6 Bf2 97. Ke5 Be1 98. Ke4 Bf2 99. Kf4
Be1 100. Nd4 Bf2 101. Nf5 Be1 102. Ne7+ Kf6 103. Nd5+ Kg6 104. Kf3 Kh6 105. Ne7
Kg7 106. Kf4 Kf6 107. Nd5+ Kg6 108. Kf3 Kh6 109. Ne3 Kg6 110. Ng2 Bb4 111. Ke4
Be1 112. Nxe1 1-0

[Event "TCh-CHN 2017"]
[Site "China CHN"]
[Date "2017.05.24"]
[Round "6.3"]
[Board "3"]
[White "Wang, Chen"]
[Black "Lu, Shanglei"]
[Result "0-1"]
[WhiteTitle "IM"]
[BlackTitle "GM"]
[WhiteElo "2495"]
[BlackElo "2641"]
[WhiteTeam "Chongqing"]
[BlackTeam "Zhejiang"]
[WhiteFideId "8601020"]
[BlackFideId "8603332"]
[EventDate "2017.04.18"]

1. d4 d6 2. g3 g6 3. Bg2 Bg7 4. Nf3 f5 5. O-O Nf6 6. c4 O-O 7. b3 e5 8. Nc3 e4
9. Ne1 c5 10. Nc2 Nc6 11. d5 Ne5 12. f3 Bd7 13. a4 Qb6 14. Rb1 h6 15. Kh1 g5 16.
f4 gxf4 17. Bxf4 Ng6 18. Bd2 Ng4 19. Qe1 Qd8 20. Nd1 h5 21. Nf2 Be5 22. Nh3 Qe7
23. Nf4 Nxf4 24. Bxf4 Rf7 25. h3 Nf6 26. Ne3 h4 27. Bg5 Bxg3 28. Qc3 f4 29. Rxf4
Bxf4 30. Bxf4 Nh5 31. Bh2 Rg7 32. Ng4 Rf8 33. Rg1 Bxg4 34. hxg4 Rxg4 35. Bh3
Rxg1+ 36. Kxg1 Qg5+ 0-1

[Event "TCh-CHN 2017"]
[Site "China CHN"]
[Date "2017.05.24"]
[Round "6.3"]
[Board "4"]
[White "Ding, Yixin"]
[Black "Lei, Tingjie"]
[Result "1/2-1/2"]
[WhiteTitle "WGM"]
[BlackTitle "GM"]
[WhiteElo "2424"]
[BlackElo "2528"]
[WhiteTeam "Zhejiang"]
[BlackTeam "Chongqing"]
[WhiteFideId "8602972"]
[BlackFideId "8605114"]
[EventDate "2017.04.18"]

1. e4 e6 2. d4 d5 3. Nc3 Nf6 4. e5 Nfd7 5. f4 c5 6. Nf3 Nc6 7. Be3 a6 8. Qd2 b5
9. Nd1 Qb6 10. Be2 cxd4 11. Nxd4 Nxd4 12. Bxd4 Bc5 13. c3 b4 14. O-O O-O 15. Ne3
a5 16. f5 Nxe5 17. f6 Rd8 18. fxg7 f5 19. g4 Bxd4 20. cxd4 Nc4 21. Nxc4 dxc4 22.
Rad1 Ra7 23. Bxc4 Rxg7 24. Rxf5 Rxg4+ 25. Kf1 Rg7 26. Rg5 Rd7 27. b3 Qd6 28. Ke1
Rf7 29. Rxg7+ Rxg7 30. Qf2 Bb7 31. Rd3 Bd5 32. Bxd5 exd5 33. Rg3 Rxg3 34. hxg3
Qg6 35. Kf1 Qd3+ 36. Kg2 Qe4+ 37. Kh2 Kg7 38. Kg1 Kg6 39. Kh2 Kg5 40. Qf7 Qc2+
41. Kg1 Qb1+ 42. Kh2 Qc2+ 43. Kg1 Qd1+ 44. Kg2 Qe2+ 45. Kg1 Qe3+ 46. Kh2 Qxd4
47. Qg8+ Kh6 48. Qf8+ Kg6 49. Qg8+ Kh6 50. Qf8+ Qg7 51. Qd6+ Qg6 52. Qf8+ Qg7
53. Qd6+ 1/2-1/2

[Event "TCh-CHN 2017"]
[Site "China CHN"]
[Date "2017.05.24"]
[Round "6.3"]
[Board "5"]
[White "Zhu, Jiner"]
[Black "Tan, Zhongyi"]
[Result "0-1"]
[BlackTitle "GM"]
[WhiteElo "2324"]
[BlackElo "2517"]
[WhiteTeam "Zhejiang"]
[BlackTeam "Chongqing"]
[WhiteFideId "8608059"]
[BlackFideId "8603642"]
[EventDate "2017.04.18"]

1. e4 c5 2. Nf3 Nc6 3. d4 cxd4 4. Nxd4 g6 5. c4 Bg7 6. Be3 Nf6 7. Nc3 Ng4 8.
Qxg4 Nxd4 9. Qd1 Ne6 10. Be2 Qa5 11. Qd2 Bxc3 12. bxc3 d6 13. O-O Bd7 14. f4 Bc6
15. f5 Nc5 16. Qd4 f6 17. e5 fxe5 18. Qh4 gxf5 19. Qh5+ Kd8 20. Qxf5 Kc7 21. Bg5
Rag8 22. Bf3 Bd7 23. Qf7 Rxg5 24. Qxe7 Rhg8 25. Rad1 R5g6 26. Bd5 R8g7 27. Rf7
Rxf7 28. Bxf7 Qb6 29. Bxg6 Nd3+ 0-1

[Event "TCh-CHN 2017"]
[Site "China CHN"]
[Date "2017.05.24"]
[Round "6.4"]
[Board "1"]
[White "Ma, Qun"]
[Black "Xu, Xiangyu"]
[Result "1-0"]
[WhiteTitle "GM"]
[BlackTitle "GM"]
[WhiteElo "2638"]
[BlackElo "2549"]
[WhiteTeam "Hangzhou"]
[BlackTeam "Chengdu"]
[WhiteFideId "8603154"]
[BlackFideId "8608288"]
[EventDate "2017.04.18"]

1. e4 e5 2. Nf3 Nf6 3. Nxe5 d6 4. Nf3 Nxe4 5. d4 d5 6. Bd3 Bd6 7. c4 c6 8. O-O
O-O 9. Qc2 Na6 10. a3 Bg4 11. Ne5 Bxe5 12. dxe5 Nac5 13. f3 Nxd3 14. Qxd3 Nc5
15. Qd4 Nb3 16. Qxg4 Nxa1 17. Bh6 g6 18. Bxf8 Qxf8 19. cxd5 Nc2 20. d6 Ne3 21.
Qf4 Nxf1 22. Kxf1 Qc8 23. Nc3 Qe6 24. Kf2 h6 25. Ne4 Kg7 26. h4 Re8 27. Nf6 Rh8
28. Ng4 h5 29. Qf6+ Kh7 30. Qxe6 fxe6 31. Nf6+ Kg7 32. Ne4 Kf7 33. Ng5+ Ke8 34.
Nxe6 b6 35. Ng5 1-0

[Event "TCh-CHN 2017"]
[Site "China CHN"]
[Date "2017.05.24"]
[Round "6.4"]
[Board "2"]
[White "Gao, Rui"]
[Black "Li, Di"]
[Result "1-0"]
[WhiteTitle "GM"]
[BlackTitle "IM"]
[WhiteElo "2546"]
[BlackElo "2485"]
[WhiteTeam "Hangzhou"]
[BlackTeam "Chengdu"]
[WhiteFideId "8602387"]
[BlackFideId "8607508"]
[EventDate "2017.04.18"]

1. e4 e5 2. Nf3 Nf6 3. Nc3 Nc6 4. Bb5 Bb4 5. O-O O-O 6. d3 Bxc3 7. bxc3 d6 8.
Bg5 Bd7 9. Rb1 Rb8 10. d4 a6 11. Bd3 h6 12. Bh4 Kh8 13. d5 Na5 14. c4 g5 15.
Nxg5 hxg5 16. Bxg5 Rg8 17. f4 exf4 18. Bxf4 Qe7 19. Bd2 Nxc4 20. Bxc4 Qxe4 21.
Qf3 Qxf3 22. Rxf3 Ne4 23. Be3 f5 24. Bd3 Rg4 25. Ba7 Nd2 26. Rh3+ Kg7 27. Rd1
Ra8 28. Rxd2 Rxa7 29. Re2 Bb5 30. Re7+ Kf6 31. Rxc7 Bxd3 32. Rxd3 Ra8 33. Rd7
Re8 34. Rxd6+ Kg5 35. h3 Rc4 36. c3 Rec8 37. Rb6 Rxc3 38. Rxc3 Rxc3 39. Rxb7
Rc1+ 40. Kh2 Rc2 41. Rb3 Rxa2 42. Rd3 Rb2 43. d6 Rb8 44. d7 Rd8 45. Kg3 a5 46.
h4+ Kf6 47. Kf4 a4 48. h5 Ke6 49. h6 Kf6 50. h7 Kg7 51. Kxf5 a3 52. Ke4 1-0

[Event "TCh-CHN 2017"]
[Site "China CHN"]
[Date "2017.05.24"]
[Round "6.4"]
[Board "3"]
[White "Bai, Jinshi"]
[Black "Liu, Guanchu"]
[Result "1-0"]
[WhiteTitle "GM"]
[BlackTitle "IM"]
[WhiteElo "2556"]
[BlackElo "2462"]
[WhiteTeam "Hangzhou"]
[BlackTeam "Chengdu"]
[WhiteFideId "8602280"]
[BlackFideId "8603901"]
[EventDate "2017.04.18"]

1. Nf3 f5 2. d3 Nc6 3. e4 e5 4. d4 exd4 5. Nxd4 fxe4 6. Nxc6 bxc6 7. Qh5+ Ke7 8.
Nc3 Nf6 9. Bg5 Qe8 10. Bxf6+ gxf6 11. Qa5 Kd8 12. O-O-O Qe6 13. Ba6 Rg8 14. Bxc8
Rxc8 15. Rhe1 f5 16. g3 Bg7 17. f3 Be5 18. fxe4 f4 19. gxf4 Bxf4+ 20. Kb1 Be5
21. Na4 d6 22. Nc5 Qc4 23. Nd3 Bxh2 24. Qh5 Bg3 25. Re3 Qb5 26. e5 Qc4 27. e6 1-0

[Event "TCh-CHN 2017"]
[Site "China CHN"]
[Date "2017.05.24"]
[Round "6.4"]
[Board "4"]
[White "Ren, Xiaoyi"]
[Black "Dzagnidze, Nana"]
[Result "1-0"]
[BlackTitle "GM"]
[WhiteElo "2254"]
[BlackElo "2522"]
[WhiteTeam "Chengdu"]
[BlackTeam "Hangzhou"]
[WhiteFideId "8608709"]
[BlackFideId "13601903"]
[EventDate "2017.04.18"]

1. d4 e6 2. c4 c5 3. d5 exd5 4. cxd5 Nf6 5. Nc3 d6 6. e4 a6 7. a4 g6 8. f4 Qe7
9. Bd3 Bg7 10. Nf3 Bg4 11. O-O Nbd7 12. Bd2 O-O 13. a5 c4 14. Bc2 Nc5 15. Qe2
Rac8 16. Rae1 Rfe8 17. Qxc4 Bxf3 18. gxf3 Nh5 19. Qe2 Bd4+ 20. Kh1 Qf6 21. f5
Qh4 22. Qg2 Nf4 23. Bxf4 Qxf4 24. Ne2 Qd2 25. Rd1 Qxc2 26. Nxd4 Qxg2+ 27. Kxg2
Kg7 28. b4 Na4 29. Rc1 Kf6 30. fxg6 hxg6 31. b5 axb5 32. Nxb5 Ke7 33. f4 f6 34.
Kf3 Nc5 35. Rg1 Rg8 36. Rg3 g5 37. Rcg1 Rcf8 38. h4 Nd3 39. hxg5 fxg5 40. Rxg5
Rxg5 41. Rxg5 Nxf4 42. Rg7+ Kf6 43. Rxb7 Ng6 44. a6 Ke5+ 45. Ke3 Rf1 46. a7 Re1+
47. Kd2 Ra1 48. Rb8 1-0

[Event "TCh-CHN 2017"]
[Site "China CHN"]
[Date "2017.05.24"]
[Round "6.4"]
[Board "5"]
[White "Cornette, Deimante"]
[Black "Gu, Tianlu"]
[Result "1-0"]
[WhiteTitle "IM"]
[BlackTitle "WIM"]
[WhiteElo "2439"]
[BlackElo "2197"]
[WhiteTeam "Chengdu"]
[BlackTeam "Hangzhou"]
[WhiteFideId "12802859"]
[BlackFideId "8603995"]
[EventDate "2017.04.18"]

1. e4 c5 2. Nc3 Nc6 3. Bb5 Nd4 4. Nf3 g6 5. Bc4 Bg7 6. Nxd4 cxd4 7. Qf3 e6 8.
Nb5 d6 9. Qa3 Be5 10. c3 d5 11. exd5 exd5 12. Be2 Qe7 13. cxd4 Qxa3 14. bxa3 Bb8
15. a4 Bd7 16. Ba3 a6 17. Nc3 Nf6 18. O-O Bc6 19. Bd3 Kd7 20. Rae1 Bd6 21. Bxd6
Kxd6 22. Re3 Rhe8 23. Rf3 Re6 24. a5 Ke7 25. Re3 Rd8 26. f3 Kd6 27. Rfe1 Rde8
28. Bc2 Nd7 29. Kf2 R6e7 30. Bb3 Re6 31. Ne2 Rc8 32. Nf4 Rf6 33. Nd3 Nf8 34. Re5
Ne6 35. Nb4 Nc7 36. g3 Re6 37. f4 f6 38. R5e3 Rce8 39. g4 Nb5 40. f5 gxf5 41.
gxf5 Rxe3 42. dxe3 Nc3 43. Bc2 Bd7 44. Rg1 Ne4+ 45. Bxe4 Rxe4 46. Rg7 Rh4 47.
Nxd5 Rxh2+ 48. Kg3 Rxa2 49. Nxf6 Bxf5 50. Rxb7 Rxa5 51. Kf4 Bc8 52. Ne8+ Ke6 53.
Rxh7 Rf5+ 54. Ke4 1-0

[Event "TCh-CHN 2017"]
[Site "China CHN"]
[Date "2017.05.24"]
[Round "6.5"]
[Board "1"]
[White "Ni, Hua"]
[Black "Bu, Xiangzhi"]
[Result "1/2-1/2"]
[WhiteTitle "GM"]
[BlackTitle "GM"]
[WhiteElo "2671"]
[BlackElo "2730"]
[WhiteTeam "Shanghai"]
[BlackTeam "Shandong"]
[WhiteFideId "8601160"]
[BlackFideId "8601445"]
[EventDate "2017.04.18"]

1. d4 Nf6 2. c4 e6 3. Nf3 b6 4. g3 Bb7 5. Bg2 Bb4+ 6. Bd2 c5 7. O-O O-O 8. Qb3
a5 9. Rd1 d5 10. dxc5 Bxc5 11. cxd5 Qxd5 12. Qxd5 Nxd5 13. Nc3 Nd7 14. Nxd5 Bxd5
15. Ne1 Bxg2 16. Kxg2 Rfd8 17. Nd3 Bd4 18. Rac1 Nc5 19. Nxc5 Bxc5 20. Kf3 Kf8
21. Be3 Bxe3 22. Kxe3 Rxd1 23. Rxd1 Ke7 24. Rc1 Kd6 25. Rd1+ Ke7 26. Rc1 Kd6 27.
Rd1+ Ke7 28. Rc1 1/2-1/2

[Event "TCh-CHN 2017"]
[Site "China CHN"]
[Date "2017.05.24"]
[Round "6.5"]
[Board "2"]
[White "Zhou, Jianchao"]
[Black "Zhao, Jun"]
[Result "0-1"]
[WhiteTitle "GM"]
[BlackTitle "GM"]
[WhiteElo "2597"]
[BlackElo "2604"]
[WhiteTeam "Shanghai"]
[BlackTeam "Shandong"]
[WhiteFideId "8603537"]
[BlackFideId "8602522"]
[EventDate "2017.04.18"]

1. c4 Nf6 2. Nf3 e6 3. Nc3 c5 4. g3 b6 5. Bg2 Bb7 6. O-O Be7 7. Re1 d5 8. cxd5
Nxd5 9. Nxd5 Qxd5 10. d4 cxd4 11. Qxd4 Qxd4 12. Nxd4 Bxg2 13. Kxg2 Nd7 14. Be3
Nf6 15. Nc6 Nd5 16. Rac1 Nxe3+ 17. fxe3 Bc5 18. Rc3 a5 19. Rd1 O-O 20. Kf3 Rfc8
21. Ne5 Be7 22. Rxc8+ Rxc8 23. Rd7 Bf6 24. Nd3 Kf8 25. Rb7 Bd8 26. Ne5 Ke8 27.
Nxf7 Bc7 28. Ng5 Kd7 29. a4 h6 30. Ne4 Rf8+ 31. Kg4 Kc8 32. Ra7 Kb8 33. Rxc7
Kxc7 34. Kh5 b5 35. axb5 Rf5+ 36. Kg6 Rxb5 37. Kxg7 Rxb2 38. Kxh6 a4 39. Nc3 a3
40. g4 Kd7 0-1

[Event "TCh-CHN 2017"]
[Site "China CHN"]
[Date "2017.05.24"]
[Round "6.5"]
[Board "3"]
[White "Lou, Yiping"]
[Black "Wen, Yang"]
[Result "1/2-1/2"]
[WhiteTitle "IM"]
[BlackTitle "GM"]
[WhiteElo "2462"]
[BlackElo "2605"]
[WhiteTeam "Shanghai"]
[BlackTeam "Shandong"]
[WhiteFideId "8603928"]
[BlackFideId "8602956"]
[EventDate "2017.04.18"]

1. d4 d5 2. c4 e6 3. Nf3 c6 4. Bg5 Nf6 5. e3 h6 6. Bh4 g5 7. Bg3 Ne4 8. Be5 Rg8
9. Nfd2 Nd7 10. Nxe4 Nxe5 11. Ned2 Nxc4 12. Nxc4 dxc4 13. Bxc4 c5 14. Nc3 cxd4
15. exd4 Bg7 16. d5 Bxc3+ 17. bxc3 exd5 18. Bxd5 Qe7+ 19. Qe2 Rb8 20. Qxe7+ Kxe7
21. O-O-O Bf5 22. Rhe1+ Kf6 23. Bb3 Rgd8 24. Rxd8 Rxd8 25. Rd1 Rxd1+ 26. Bxd1
Ke5 27. Kd2 Be6 28. a3 f5 29. Kd3 Bd5 30. g3 b5 31. Ke3 f4+ 32. Kd2 Ke4 33. Bh5
Be6 34. Be2 Bc4 35. Bh5 Ke5 1/2-1/2

[Event "TCh-CHN 2017"]
[Site "China CHN"]
[Date "2017.05.24"]
[Round "6.5"]
[Board "4"]
[White "Zhang, Lanlin"]
[Black "Ju, Wenjun"]
[Result "1-0"]
[BlackTitle "GM"]
[WhiteElo "2183"]
[BlackElo "2567"]
[WhiteTeam "Shandong"]
[BlackTeam "Shanghai"]
[WhiteFideId "8608032"]
[BlackFideId "8603006"]
[EventDate "2017.04.18"]

1. e4 c5 2. Nf3 d6 3. d4 cxd4 4. Nxd4 Nf6 5. Nc3 Nc6 6. Be2 e5 7. Nb3 Be7 8. O-O
O-O 9. Kh1 a5 10. a4 Nb4 11. f4 Be6 12. f5 Bd7 13. Bg5 Bc6 14. Bxf6 Bxf6 15. Bf3
Qc7 16. Qe2 Rfd8 17. Rad1 b6 18. Rf2 Qb7 19. Qf1 Rac8 20. g3 Qd7 21. Nd2 Qc7 22.
Nb3 Qb7 23. h4 Be8 24. Rfd2 Be7 25. Qe2 f6 26. Na1 Na6 27. Nb5 Bc6 28. Nb3 Kf8
29. c3 Nc7 30. Na1 Nxb5 31. axb5 Be8 32. Nc2 Rc5 33. Na3 Rdc8 34. Kh2 Bf7 35.
Qe3 Qc7 36. Be2 Bb3 37. Rf1 d5 38. exd5 Rxd5 39. c4 Bc5 40. Qc3 Rxd2 41. Qxd2
Rd8 42. Qc3 a4 43. Nc2 Bd4 44. Nxd4 Rxd4 45. Rc1 Qd6 46. Kh3 Qd7 47. Rf1 Rd2 48.
Bg4 Qd4 49. Qb4+ Qc5 50. Qxd2 Bxc4 51. Qd8+ Kf7 52. Bh5+ 1-0

[Event "TCh-CHN 2017"]
[Site "China CHN"]
[Date "2017.05.24"]
[Round "6.5"]
[Board "5"]
[White "Ning, Kaiyu"]
[Black "Ni, Shiqun"]
[Result "0-1"]
[BlackTitle "WGM"]
[WhiteElo "2169"]
[BlackElo "2441"]
[WhiteTeam "Shandong"]
[BlackTeam "Shanghai"]
[WhiteFideId "8614750"]
[BlackFideId "8608466"]
[EventDate "2017.04.18"]

1. d4 d5 2. c4 c6 3. Nf3 Nf6 4. e3 e6 5. b3 Nbd7 6. Nbd2 Bd6 7. Bd3 O-O 8. O-O
Qe7 9. Bb2 e5 10. dxe5 Nxe5 11. Nxe5 Bxe5 12. Bxe5 Qxe5 13. Nf3 Qe7 14. Qc2 dxc4
15. Bxc4 Bg4 16. Nd4 c5 17. Nf5 Qe5 18. Ng3 h5 19. Rfe1 Rad8 20. f3 h4 21. Nf1
Bd7 22. a4 b6 23. Rad1 Be6 24. e4 g6 25. Ne3 Kg7 26. Bd5 Rfe8 27. Nc4 Qf4 28.
Bxe6 fxe6 29. e5 Nd5 30. Re4 Qh6 31. Nd6 Rf8 32. Rde1 h3 33. Qf2 Nf4 34. g3 Nd3
35. Qf1 Nxe1 36. Rxe1 Qd2 37. Re4 Qc3 38. f4 Qxb3 39. Qxh3 Rxd6 0-1

[Event "TCh-CHN 2017"]
[Site "China CHN"]
[Date "2017.05.24"]
[Round "6.6"]
[Board "1"]
[White "Lin, Chen"]
[Black "Wan, Yunguo"]
[Result "1/2-1/2"]
[WhiteTitle "GM"]
[BlackTitle "GM"]
[WhiteElo "2477"]
[BlackElo "2486"]
[WhiteTeam "Jiangsu"]
[BlackTeam "Hebei"]
[WhiteFideId "8602298"]
[BlackFideId "8603189"]
[EventDate "2017.04.18"]

1. e4 c5 2. Nf3 Nc6 3. d4 cxd4 4. Nxd4 Qb6 5. Nb3 Nf6 6. Nc3 e6 7. Bd3 a6 8. O-O
Be7 9. Kh1 d6 10. f4 Qc7 11. Qf3 O-O 12. Bd2 b5 13. Rae1 Bb7 14. Qh3 Rad8 15.
Nd1 d5 16. e5 Ne4 17. Nf2 Nb4 18. Bxb4 Bxb4 19. c3 Bc5 20. Nxe4 dxe4 21. Bxe4
Bxe4 22. Rxe4 g6 23. Qf3 Rd7 24. a4 Rfd8 25. axb5 axb5 26. Qe2 Qc6 27. h3 Qd5
28. Nd4 b4 29. Nf3 bxc3 30. bxc3 Qd3 31. Qxd3 Rxd3 32. Rc1 Rd1+ 33. Rxd1 Rxd1+
34. Kh2 h6 35. h4 Rc1 36. Rc4 Be3 37. Rc8+ Kg7 38. Kg3 Rc2 39. Nh2 g5 40. hxg5
hxg5 41. fxg5 Bxg5 42. c4 Kg6 43. Nf3 Be3 44. Rg8+ Kf5 45. Rg7 f6 46. exf6 Kxf6
47. Rg4 1/2-1/2

[Event "TCh-CHN 2017"]
[Site "China CHN"]
[Date "2017.05.24"]
[Round "6.6"]
[Board "2"]
[White "Yu, Ruiyuan"]
[Black "Zhang, Ziji"]
[Result "1-0"]
[WhiteTitle "GM"]
[WhiteElo "2499"]
[BlackElo "2355"]
[WhiteTeam "Jiangsu"]
[BlackTeam "Hebei"]
[WhiteFideId "8603090"]
[BlackFideId "8609470"]
[EventDate "2017.04.18"]

1. e4 e5 2. Nf3 Nc6 3. d4 exd4 4. Nxd4 Bc5 5. Nb3 Bb6 6. Nc3 Nf6 7. Qe2 O-O 8.
Bg5 Nd4 9. Nxd4 Bxd4 10. O-O-O Bxc3 11. bxc3 Re8 12. e5 d5 13. Rd3 Bg4 14. Qe3
Bf5 15. Qf4 Bg6 16. exf6 h6 17. Bh4 Re4 18. Qg3 Qf8 19. Rd4 Re1+ 20. Kb2 Qe8 21.
a4 Qf8 22. f4 Rae8 23. f5 R8e3 24. Qxc7 Ra1 25. Rb4 a5 26. Kxa1 axb4 27. fxg7 1-0

[Event "TCh-CHN 2017"]
[Site "China CHN"]
[Date "2017.05.24"]
[Round "6.6"]
[Board "3"]
[White "Wei, Yi"]
[Black "Peng, Xiongjian"]
[Result "1-0"]
[WhiteTitle "GM"]
[WhiteElo "2743"]
[BlackElo "2410"]
[WhiteTeam "Jiangsu"]
[BlackTeam "Hebei"]
[WhiteFideId "8603405"]
[BlackFideId "8610550"]
[EventDate "2017.04.18"]

1. Nf3 Nf6 2. d4 d5 3. Bf4 c6 4. e3 Qb6 5. b3 Bf5 6. Be2 Qa5+ 7. c3 e6 8. O-O
Ne4 9. Qe1 Be7 10. Ne5 O-O 11. g4 Bg6 12. f3 Nd6 13. Nxg6 hxg6 14. Qg3 Qd8 15.
Bd3 Bh4 16. Qh3 Bg5 17. Bxg5 Qxg5 18. f4 Qe7 19. Nd2 f5 20. c4 Nd7 21. c5 Ne4
22. Nf3 Kf7 23. Qg2 Rh8 24. b4 a6 25. a4 Nef6 26. g5 Ne4 27. Rfb1 Ra7 28. Rb3
Rha8 29. Rab1 Qd8 30. Bf1 Kg8 31. R1b2 Kh7 32. h4 Kg8 33. Qh2 Qe8 34. Ne1 b5 35.
Ra3 Rb7 36. Nd3 Rba7 37. Rba2 bxa4 38. Qc2 Qb8 39. Rxa4 Kf7 40. Ne1 Qh8 41. Ng2
Nb8 42. Be2 Ng3 43. Bd3 Qh5 44. Kh2 Ne4 45. Be2 Qh8 46. Qc1 Qc8 47. Ne1 Qh8 48.
Nf3 Ke7 49. Qe1 Nd7 50. b5 cxb5 51. Bxb5 Rb8 52. Bxd7 Rxd7 53. Ne5 Ke8 54. Nxd7
Rb1 55. Rxa6 Rxe1 56. Ra8+ Kxd7 57. Rxh8 Rxe3 58. Ra7+ Kc6 59. Rb8 Nxc5 60. dxc5 1-0